00728nam a2200253 a 4500001001300000003000900013005001700022008004100039020002500080082001600105100001700121245003500138260003500173300000900208500003500217505001000252650001600262650001700278700001700295902000800312942000700320952013200327999001500459nice12345678IN_TiNIC20260116013141.0050524s1994 lona grp 000 0 eng  a0860125 c958.300a225.92bRIC aRicci, Carla aMary Magdalene and Many Others aLondonbBurns and Oates c1994 a237p aincludes index and biblioraphy2 aIndex aEarly-Texts aJesus Christ1 aRicci, Carla bSRS cBK 001040708StackRoom-aHMIbHMId2010-10-08g958.30l3m1o225.92 RICp016643r2022-07-05s2022-06-28v958.30w2005-05-24yBK c9875d9875